Um quente Agosto (Record no. 45003)

MARC details
000 -Etiqueta do registo
Valores 00445nam a2200169 4500
100 ## - Dados gerais de processamento
Dados gerais 20251022 pory50
101 ## - Língua de publicação
Língua por
-- ing
102 ## - País de publicação
País PT
200 ## - Titulo e menção de responsabilidade
Título próprio Um quente Agosto
Primeira menção de responsabilidade realiz. John Wells
Outras menções de responsabilidade Act.s Meryl Streep , Julia Roberts , .... [et al.]
210 ## - Publicação
Local de publicação [S.l.]
Nome do editor dist. Nos Audiovisuais
Data de publicação 2014
215 ## - Descrição física 
Paginação / Volumes 1 DVD
300 ## - Notas gerais 
Texto da nota 116 m.<br/>M/16
675 ## - CDU
Notação 82-341
801 ## - Fonte de origem
País PT
Regras de catalogação RPC
990 ## - Elementos KOHA
Tipo de documento Filme DVD
Holdings
Aquisição Empréstimo Código de barras Cota Permissão de empréstimo Tipo de documento Nota relativa ao exemplar
Biblioteca Escolar Doutor Hernâni Cidade Biblioteca Escolar Doutor Hernâni Cidade 81106 COM WEL   Filme DVD 557 «Comédia negra dramática»

Powered by Koha